NLSUI OPAC header image

Child prostitution (Record no. 35400)

MARC details
000 -LEADER
fixed length control field 00360nam a2200157Ia 4500
008 - FIXED-LENGTH DATA ELEMENTS--GENERAL INFORMATION
fixed length control field 160316s1996 xxu||||| |||| 00| 0 eng d
082 ## - DEWEY DECIMAL CLASSIFICATION NUMBER
Classification number 362.704400
Item number SIN
100 ## - MAIN ENTRY--PERSONAL NAME
Personal name Sinha Indrani
245 ## - TITLE STATEMENT
Title Child prostitution
250 ## - EDITION STATEMENT
Edition statement
260 ## - PUBLICATION, DISTRIBUTION, ETC.
Place of publication, distribution, etc. Calcutta
Name of publisher, distributor, etc. Jonaki
Date of publication, distribution, etc. 1996
300 ## - PHYSICAL DESCRIPTION
Extent 32
Other physical details
Dimensions
365 ## - TRADE PRICE
Price amount
650 ## - SUBJECT ADDED ENTRY--TOPICAL TERM
Topical term or geographic name entry element 1. child prostitution
700 ## - ADDED ENTRY--PERSONAL NAME
Personal name
--
Holdings
Withdrawn status Lost status Damaged status Not for loan Home library Current library Shelving location Date acquired Total Checkouts Full call number Barcode Date last seen Price effective from Koha item type
        . .   30.05.2017   362.7044 SIN REP11609 30.05.2017 30.05.2017 Repository